000 00976nam a2200265Ia 4500
003 OSt
005 20220923211315.0
006 a|||||r|||| 00| 0
007 ta
008 220922b |||||||| |||| 00| 0 hin d
020 _a9788180810835 (hbk)
_c475
024 _a317,218
037 _b81, 15/03/2017, Mallika Books
_cTextual
040 _aARTS
_cARTS
_bhin
041 _2hin
_ahin
082 _a4(P152), 152P9
100 _aविष्णु पंकज, ले.
245 0 _aहिन्दी पत्रकारिता की विकास - यात्रा
246 _aHindī patrakāritā kī vikās - yātrā
260 _aदिल्ली
_b नेशनल पब्लिशिंग हाउस
_c2009
300 _a264पृ.
_ccm.
650 _aपत्रकारिता
942 _h4(P152), 152P9
_cTEXL
_2CC
999 _c298324
_d298324